01063 a2200145 4500003000500000005001700005040000900022082001200031100002000043245005300063260003600116300001700152505073500169650001300904NUST20221206135059.0 cNust a157,BAS aBashir,Muhammad aBeing & Becoming /cLt Col(Rtd) Muhammad bashir aIslamabadbThe Army Pressc2006 aii.132, p .: aThe Passion Pandemonium (Page-1),The Borrowed Sufficiency (Page-6), Plaintive Panting (Page-10), Stakes and Privileges (Page-16), Febrile Presumptiveness (Page-21), Impositions and Exaggeration (Page-26), Mysterious Interrogatives (Page-32), Computing the Human Circumstance (Page-37), From the Lurch (Page-43), In the Middle of Nowhere (Page-49), Emotions Exhaustion (Page-54), Insurrecsdtive Huddling (Page-58 ), The Heroics (Page-63), Passionless Pursuits (Page-69), Illusion and Reality (Page-75), Men and Events (Page-107), The Grafted Wisdom (Page-112), The Gloom Looms (Page-118), Facelessness (Page-123), Self Conceit and Vindications (Page-128),The Quickened Reveries (Page-162),The Inconswquent Digression (Page-165). aBecoming